Múa dân gian các dân tộc Việt Nam

Một số vấn đề lý luận về múa dân gian Việt Nam. Giới thiệu các điệu múa dân gian các dân tộc Việt Nam: xoè vòng, múa khăn, múa nhạc, múa sạp, múa nón ở dân tộc Thái; múa then, múa sư tử ở dân tộc Tày; múa chuông, múa đao, múa lao động...

Volledige beschrijving

Bewaard in:
Bibliografische gegevens
Hoofdauteur: Lâm, Tô Lộc
Formaat: Boek
Taal:Undetermined
Gepubliceerd in: Hà Nội Thời đại 2013
Onderwerpen:
Tags: Voeg label toe
Geen labels, Wees de eerste die dit record labelt!
Thư viện lưu trữ: Trung tâm Học liệu Trường Đại học Cần Thơ
LEADER 00988nam a2200193Ia 4500
001 CTU_189182
008 210402s9999 xx 000 0 und d
082 |a 793.309597 
082 |b L451 
100 |a Lâm, Tô Lộc 
245 0 |a Múa dân gian các dân tộc Việt Nam 
245 0 |c Lâm Tô Lộc 
260 |a Hà Nội 
260 |b Thời đại 
260 |c 2013 
520 |a Một số vấn đề lý luận về múa dân gian Việt Nam. Giới thiệu các điệu múa dân gian các dân tộc Việt Nam: xoè vòng, múa khăn, múa nhạc, múa sạp, múa nón ở dân tộc Thái; múa then, múa sư tử ở dân tộc Tày; múa chuông, múa đao, múa lao động sản xuất, múa bắt ba ba, múa đi ngựa ở dân tộc Dao... 
650 |a Folk dancing,Múa dân gian 
904 |i Giang 
980 |a Trung tâm Học liệu Trường Đại học Cần Thơ